[Event "Neuhausen op"]
[Site "Neuhausen"]
[Date "2007.06.07"]
[Round "3"]
[White "Bossert, Christian"]
[Black "Spielberger, Horst"]
[Result "1-0"]
[WhiteElo "2188"]
[BlackElo "2048"]
[PlyCount "137"]
[EventDate "2007.06.06"]
[EventType "swiss"]
[EventRounds "9"]
[EventCountry "GER"]
[SourceTitle "CBM 119 Extra"]
[Source "ChessBase"]
[SourceDate "2007.09.04"]
[SourceVersion "1"]
[SourceVersionDate "2007.09.04"]
[SourceQuality "1"]

1. d4 b6 2. Nf3 Bb7 3. Bf4 e6 4. Nbd2 Nf6 5. e3 d5 6. Bd3 Bd6 7. Ne5 Nbd7 8. c3 g6 9. Qf3 Bxe5 10. dxe5 Nh5 11. 0-0-0 Nc5 12. Bb5+ c6 13. Be2 Nxf4 14. Qxf4 Qe7 15. h4 0-0-0 16. Qg5 Qc7 17. f4 b5 18. h5 Rhf8 19. hxg6 hxg6 20. Rh7 Qa5 21. Qe7 b4 22. cxb4 Qxb4 23. Rxf7 Rxf7 24. Qxf7 Rd7 25. Qe8+ Kc7 26. Qxg6 d4 27. exd4 Qxd4 28. Qg3 Rf7 29. Rf1 Rd7 30. Rd1 Rf7 31. Nc4 Qxf4+ 32. Qxf4 Rxf4 33. Nd6 Ba6 34. Bxa6 Nxa6 35. Rh1 Kb6 36. Rh6 Nc5 37. Kd2 a5 38. Ke3 Rg4 39. Kf3 Rg5 40. g4 Rg8 41. Rf6 Ka6 42. Nf7 Rg7 43. g5 Nd7 44. Kf4 Nxf6 45. exf6 Rxf7 46. Ke5 Rb7 47. b3 Rb5+ 48. Kxe6 Rxg5 49. f7 Rg6+ 50. Ke5 Rg5+ 51. Ke4 Rg4+ 52. Ke3 Rg3+ 53. Kf2 Rc3 54. f8Q Rc2+ 55. Ke3 Rxa2 56. Qd6 Kb6 57. Kd3 Kb5 58. Qe5+ Kb6 59. Qd4+ Kb5 60. Qc4+ Kb6 61. b4 Ra4 62. Qd4+ Kb7 63. bxa5 Kc7 64. Qb6+ Kd6 65. a6 Ra3+ 66. Kc2 Kd5 67. a7 Ra2+ 68. Kb1 Ra3 69. Qd8+ 1-0

[Event "Oberliga Baden 0607"]
[Site "Germany"]
[Date "2007.04.22"]
[Round "9.4"]
[White "Bossert, Christian"]
[Black "Guenthner, Oliver"]
[Result "1/2-1/2"]
[WhiteElo "2188"]
[BlackElo "2238"]
[PlyCount "39"]
[EventDate "2006.10.15"]
[EventType "team-tourn"]
[EventRounds "9"]
[EventCountry "GER"]
[SourceTitle "EXT 2008"]
[Source "ChessBase"]
[SourceDate "2007.11.25"]
[SourceVersion "1"]
[SourceVersionDate "2007.11.25"]
[SourceQuality "1"]
[WhiteTeam "Baden-Baden III"]
[BlackTeam "Neuhausen"]
[WhiteTeamCountry "GER"]
[BlackTeamCountry "GER"]

1. d4 d5 2. Nf3 Bf5 3. Bf4 c6 4. e3 Qb6 5. b3 e6 6. Bd3 Nf6 7. 0-0 Be7 8. Bxf5 exf5 9. c4 0-0 10. Qc2 g6 11. Nc3 Qd8 12. cxd5 Nxd5 13. Nxd5 Qxd5 14. Qc4 Rd8 15. Rfc1 Na6 16. Kf1 Rac8 17. Ke2 Nc7 18. Bxc7 Rxc7 19. Qxd5 Rxd5 20. Rc4 1/2-1/2

[Event "Oberliga Baden 0607"]
[Site "Germany"]
[Date "2006.11.19"]
[Round "3.4"]
[White "Weindl, Alfred"]
[Black "Bossert, Christian"]
[Result "1/2-1/2"]
[WhiteElo "2353"]
[BlackElo "2188"]
[PlyCount "111"]
[EventDate "2006.10.15"]
[EventType "team-tourn"]
[EventRounds "9"]
[EventCountry "GER"]
[SourceTitle "CBM 115 Extra"]
[Source "ChessBase"]
[SourceDate "2007.01.10"]
[SourceVersion "1"]
[SourceVersionDate "2007.01.10"]
[SourceQuality "1"]
[WhiteTeam "Zaehringen"]
[BlackTeam "Baden-Baden III"]
[WhiteTeamCountry "GER"]
[BlackTeamCountry "GER"]

1. d4 f5 2. Nf3 Nf6 3. g3 g6 4. Bg2 Bg7 5. 0-0 0-0 6. Nbd2 d5 7. Ne5 Nbd7 8. Ndf3 Nxe5 9. Nxe5 c6 10. c3 Nd7 11. Nxd7 Qxd7 12. Bf4 Re8 13. Qb3 e5 14. dxe5 Bxe5 15. Bxe5 Rxe5 16. Rad1 Qf7 17. c4 dxc4 18. Rd8+ Re8 19. Rxe8+ Qxe8 20. Qxc4+ Be6 21. Qb4 Qf7 22. a3 Rd8 23. h4 Qc7 24. h5 c5 25. Qh4 Rd4 26. Qf6 Qf7 27. Qe5 b6 28. b4 Bd5 29. bxc5 Bxg2 30. Kxg2 Re4 31. hxg6 hxg6 32. Qb8+ Re8 33. Qd6 bxc5 34. Qxc5 Rxe2 35. Rb1 Re8 36. Qc6 Qe6 37. Qf3 Kf7 38. Rh1 Kf6 39. Rh7 Re7 40. Qc3+ Qe5 41. Qxe5+ Rxe5 42. Rxa7 Re1 43. Rb7 Ra1 44. Rb3 g5 45. Kf3 Ra2 46. Rb6+ Ke5 47. Rb5+ Kf6 48. Ra5 g4+ 49. Ke3 Kg6 50. Ra6+ Kg5 51. Ra8 Kf6 52. a4 Ke5 53. a5 Ra3+ 54. Ke2 Ke4 55. Re8+ Kd4 56. Rd8+ 1/2-1/2

[Event "Oberliga Baden 0607"]
[Site "Germany"]
[Date "2006.10.15"]
[Round "1.4"]
[White "Wiechert, Hans"]
[Black "Bossert, Christian"]
[Result "0-1"]
[WhiteElo "2290"]
[BlackElo "2188"]
[PlyCount "78"]
[EventDate "2006.10.15"]
[EventType "team-tourn"]
[EventRounds "9"]
[EventCountry "GER"]
[SourceTitle "CBM 115 Extra"]
[Source "ChessBase"]
[SourceDate "2007.01.10"]
[SourceVersion "1"]
[SourceVersionDate "2007.01.10"]
[SourceQuality "1"]
[WhiteTeam "Kuppenheim"]
[BlackTeam "Baden-Baden III"]
[WhiteTeamCountry "GER"]
[BlackTeamCountry "GER"]

1. d4 f5 2. g3 Nf6 3. Bg2 g6 4. Nf3 Bg7 5. 0-0 0-0 6. c4 d6 7. Nc3 Qe8 8. b3 h6 9. Re1 g5 10. e4 fxe4 11. Nxe4 Qg6 12. Nc3 Rf7 13. Nb5 Na6 14. Bb2 c6 15. Na3 Nb4 16. Re2 Nd3 17. Bc3 Ng4 18. Qd2 Ngxf2 19. Rxf2 Nxf2 20. Qxf2 Qd3 21. Bb2 g4 22. Ne1 Rxf2 23. Nxd3 Rxb2 24. Nxb2 Bxd4+ 25. Kf1 Bxb2 26. Re1 Bxa3 27. Rxe7 Bf5 28. Rxb7 Bd3+ 29. Ke1 Bc5 30. Bxc6 Rf8 31. Bd5+ Kh8 32. Kd2 Bb1 33. b4 Rf2+ 34. Ke1 Bd4 35. Rd7 Rb2 36. Rxd6 Bc3+ 37. Kf1 Bd3+ 38. Kg1 Bd4+ 39. Kh1 Rb1+ 0-1